000 00760nam a2200289Ia 4500
001 19614
003 IT-RoPAU
008 130308s9999 xx 000 0 und d
040 _aIT-RoPAU
040 _cIT-RoPAU
041 _aITALIANO
100 _aCommons John R.
100 _gCodice Aut. SPICS: 1026
245 _aRelazioni industriali (Le)
245 _bCinema muto hollywoodiano e Organizzazione Sociale
250 _a1a ed.
260 _aVENEZIA
260 _bLa Biennale
260 _c1975 [1° Ed.:1975 - Ed.Ling.Originale:1921]
300 _a"4 p. (prefazione: no ; testo: 4 [pagine: 127-130])"
650 _aSAGGI SUL CINEMA
650 _eCodice materia Spics: 6811
942 _cBK
957 _71
999 _c55768
_d55768
999 _bSI
999 _g1